Cities in Dominica accepted by cityquiz.io - Statistics

General Stats
  • This quiz has been taken 76 times
  • The average score is 4 of 15
Answer Stats
Population Answer % Correct
14,725 Roseau
100%
2,411 Marigot
33%
4,167 Portsmouth
33%
1,362 Wesley
23%
1,664 Pointe Michel
21%
3,324 Canefield
19%
1,128 La Plaine
19%
2,113 Mahaut
19%
1,552 Massacre
19%
1,746 Saint Joseph
19%
1,087 Castle Bruce
15%
2,147 Salisbury
15%
973 Soufrière
15%
1,017 Calibishie
12%
2,134 Berricoa
10%
No matching quizzes found
Score Distribution
Percent of People with Each Score
Percentile by Number Answered
Your Score History
You have not taken this quiz